日本国内の遊園地所在自治体 - Statistics

General Stats
  • This quiz has been taken 191 times
    177 since last reset
  • The average score is 50 of 112
Answer Stats
施設名 都道府県 市区町村 % Correct
東京ディズニーシー | 東京ディズニーランド 千葉県 浦安市
82%
__・八景島シーパラダイス(プレジャーランド) 神奈川県 横浜市金沢区
75%
__(ひらがな)コスモワールド 神奈川県 横浜市中区横浜市西区
75%
アクアパーク品川 | 東京ジョイポリス 東京都 港区
71%
ユニバーサル・スタジオ・ジャパン 大阪府 大阪市此花区
70%
八木山ベニーランド 宮城県 仙台市太白区
68%
さがみ湖リゾートプレジャーフォレスト 神奈川県 相模原市緑区
68%
ハウステンボス 長崎県 佐世保市
68%
よみうりランド 東京都神奈川県 稲城市川崎市多摩区
68%
ハーバーランド・モザイクガーデン 兵庫県 神戸市中央区
66%
須磨浦山上遊園 兵庫県 神戸市須磨区
66%
__市立フルーツ・フラワーパーク おとぎの国 兵庫県 神戸市北区
66%
国営ひたち海浜公園(プレジャーガーデン) 茨城県 ひたちなか市
65%
東京ドームシティアトラクションズ 東京都 文京区
65%
浅草花やしき 東京都 台東区
64%
西武園ゆうえんち 埼玉県 所沢市
63%
サンリオピューロランド 東京都 多摩市
63%
東山公園 愛知県 名古屋市千種区
63%
__港シートレインランド | レゴランド・ジャパン 愛知県 名古屋市港区
63%
海の中道海浜公園 福岡県 福岡市東区
61%
妙高サンシャインランド 新潟県 上越市
60%
浜名湖パルパル 静岡県 浜松市西区
60%
__(ひらがな)パーク 大阪府 枚方市
59%
富士急ハイランド 山梨県 富士吉田市南都留郡富士河口湖町 市町
59%
__かんらんしゃパークKISARAPIA 千葉県 木更津市
58%
__サーキット モートピア 三重県 鈴鹿市
58%
アドベンチャーワールド 和歌山県 西牟婁郡白浜町
58%
__市動植物園 熊本県 熊本市
58%
__(ひらがな)アンデルセン公園 千葉県 船橋市
56%
__セントラルパーク 兵庫県 姫路市
56%
__市ファミリーパーク 富山県 富山市
55%
ナガシマスパーランド 三重県 桑名市
55%
__山上遊園地 奈良県 生駒市
55%
るなぱあく 群馬県 前橋市
54%
千葉こどもの国キッズダム 千葉県 市原市
54%
ナムコ・ナンジャタウン 東京都 豊島区
54%
ポルトヨーロッパ 和歌山県 和歌山市
51%
えひめこどもの城 愛媛県 松山市伊予郡砥部町 市町
51%
ラクテンチ | 城島高原パーク 大分県 別府市
50%
青島リゾートこどものくに 宮崎県 宮崎市
50%
大森山ゆうえんちアニパ 秋田県 秋田市
49%
__(ひらがな)遊園 東京都 荒川区
49%
パルケエスパーニャ 三重県 志摩市
49%
天橋立ビューランド 京都府 宮津市
49%
鷲羽山ハイランド 岡山県 倉敷市
49%
とちのきファミリーランド 栃木県 宇都宮市
48%
__総合動植物公園 愛知県 豊橋市
47%
日本モンキーパーク 愛知県 犬山市
47%
__(ひらがな)ファミリーランド 徳島県 徳島市
47%
神野公園こども遊園地 佐賀県 佐賀市
46%
岩山パークランド 岩手県 盛岡市
45%
__りんどう湖 LAKE VIEW | __ハイランドパーク 栃木県 那須郡那須町
45%
__公園 こどもの国 | ファンタジードーム__(ひらがな) 青森県 八戸市
43%
マザー牧場 千葉県 富津市
43%
ロマンの森共和国 千葉県 君津市
43%
恵那峡ワンダーランド 岐阜県 中津川市
43%
__公園こどものくに 北海道 函館市
42%
大慶園 千葉県 市川市
42%
南公園 愛知県 岡崎市
42%
はい!からっと横丁 山口県 下関市
42%
祝津マリンランド 北海道 小樽市
40%
軽井沢おもちゃ王国 群馬県 吾妻郡嬬恋村
40%
東京サマーランド 東京都 あきる野市
40%
__カルチャーパーク ドリームランド 福島県 郡山市
39%
ラグーナテンボス・ラグナシア 愛知県 蒲郡市
39%
秋吉台サファリランド 山口県 美祢市
36%
かみね公園 茨城県 日立市
35%
ニューレオマワールド 香川県 丸亀市
35%
__が岡遊園地 群馬県 桐生市
33%
華蔵寺公園遊園地 群馬県 伊勢崎市
32%
東京ドイツ村 千葉県 袖ケ浦市
32%
グリーンランド 熊本県 荒尾市
32%
北海道グリーンランド 北海道 岩見沢市
31%
みろくの里 広島県 福山市
31%
ハイブリッド・レジャーランド東武動物公園 埼玉県 南埼玉郡宮代町白岡市 町市
31%
チャチャワールドいしこし 宮城県 登米市
30%
__スカイランドパーク 群馬県 渋川市
30%
もりのゆうえんち 千葉県 野田市
30%
東条湖おもちゃ王国 兵庫県 加東市
30%
ヒルゼン高原センター・ジョイフルパーク 岡山県 真庭市
29%
__(カタカナ)リゾート 北海道 虻田郡留寿都村
27%
ミラージュランド 富山県 魚津市
27%
南知多ビーチランド 愛知県 知多郡美浜町
27%
__海浜公園 わくわくランド 兵庫県 赤穂市
27%
おもちゃ王国 岡山県 玉野市
27%
ときわ遊園地 山口県 宇部市
27%
メルヘン村 佐賀県 武雄市
27%
芝政ワールド 福井県 坂井市
26%
伊豆アニマルキングダム 静岡県 賀茂郡東伊豆町
26%
__市交通児童遊園 愛知県 刈谷市
26%
蓮沼海浜公園 千葉県 山武市
25%
ハーモニーランド 大分県 速見郡日出町
25%
__(ひらがな)ファミリーランド 北海道 北見市
24%
手取フィッシュランド 石川県 能美市
21%
ぐりんぱ 静岡県 裾野市
21%
ダグリ岬遊園地 鹿児島県 志布志市
21%
リナワールド 山形県 上山市
20%
白樺リゾート池の平ファミリーランド 長野県 北佐久郡立科町
20%
__市明石公園 愛知県 碧南市
18%
関西サイクルスポーツセンター 大阪府 河内長野市
18%
__(ひらがな)遊園地 福岡県 太宰府市
17%
むさしの村 埼玉県 加須市
16%
サントピアワールド 新潟県 阿賀野市
16%
__ランド 岐阜県 養老郡養老町
15%
ターザニア 千葉県 長生郡長柄町
13%
ファミリー愛ランドYOU 北海道 紋別郡湧別町
11%
No matching quizzes found
Score Distribution
Percent of People with Each Score
Percentile by Number Answered
Your Score History
You have not taken this quiz since the last reset